Se llama Santiago

שמור ב:
מידע ביבליוגרפי
מחבר תאגידי: Universidad del Desarrollo (Author)
פורמט: ספר
שפה:ספרדית
יצא לאור: Santiago Universidad del Desarrollo 2010
נושאים:
תגים: הוספת תג
אין תגיות, היה/י הראשונ/ה לתייג את הרשומה!

MARC

LEADER 00000nam a2200000 a 4500
001 UCG7301
003 CL-VaPUC
008 110707e20101200CL |||||||||||||||||spa|d
020 |a 978956796474 
082 0 4 |a 711.40983  |b UNI  |2 21 
110 2 |a Universidad del Desarrollo  |e author  |9 557987 
245 1 0 |a Se llama Santiago 
300 |a 135 p 
942 |c BK 
945 |d 20110707 00:00:00  |a jcampos 
260 |a Santiago  |b Universidad del Desarrollo  |c 2010 
650 0 |a Ciudades  |9 265474 
650 0 |a Planificación urbana   |9 258176 
650 0 |a Arquitectura contemporánea  |9 367350 
651 0 |a Santiago  |9 265444 
651 7 |a CHILE  |2 CL-VaPUC  |9 557989 
583 |a last modification  |c 20180417 03:17:39  |k Rodrigo Vera 
999 |c 345327  |d 345325 
952 |0 0  |1 0  |4 0  |6 711_409830000000000_UNI_2010  |7 0  |8 A  |9 443928  |a BIBARQ  |b BIBARQ  |d 2019-11-22  |i 4783123  |o 711.40983 UNI 2010  |p 4783123  |r 2025-01-20  |w 2019-11-22  |y BK  |k ARQ